Quale città in Germania? - Statistics

Statistiche generali
  • Questo quiz è stato fatto 247 volte
  • Il punteggio medio è 12 su 20
Statistiche sulle risposte
descrizione città % Corretto
Capitale della Germania Berlino
100%
Capitale della Baviera Monaco di Baviera
96%
Capitale finanziario della Germania Francoforte
89%
La cattedrale di questa città era l'edificio più alto del mondo dal 1880 al 1884 Colonia
81%
Questa "città libera ed anseatica" è la più popolata sul fiume Elba Amburgo
80%
Capitale della Germania occidentale, 1949-1990 Bonn
79%
La seconda lettera di questa città è ü Düsseldorf
75%
Sede di Porsche e Mercedes Stoccarda
74%
La casato di questa città governò la Gran Bretagna dal 1714 al 1901 Hannover
72%
Sito di raduni di massa e tribunali nazisti Norimberga
71%
Nel 1945 fu bombardato in modo controverso dagli Stati Uniti e dal Regno Unito Dresda
60%
JS Bach è morto in questa città Lipsia
55%
La città più occidentale della Germania e la residenza di Carlo Magno Aquisgrana
47%
Nona città più grande della Germania. Sede di Krupp Essen
45%
La più grande città tedesca sul Mar Baltico Kiel
44%
Sede della più antica università della Germania Heidelberg
33%
Questa città ha dato il nome allo stato nella Germania orientale Brandeburgo
30%
I "grandi 3" capi alleati si sono incontrati qui nell'agosto del 1945 Potsdam
30%
Karl Benz ha inventato l'automobile mentre lavorava in questa città all'incrocio tra il Reno e il Neckar Mannheim
21%
Questa città in realtà non esiste Bielefeld
17%
Nessun quiz corrispondente trovato
Distribuzione punteggi
Percentuale di utenti per punteggio
Percentile per numero di risposta
I tuoi punteggi nel tempo
Non hai fatto questo quiz